MARC

LEADER 00000nam0a2200000 4500
001 109348
005 20231031120007.0
035 |a (RuTPU)RU\TPU\book\118054 
090 |a 109348 
100 |a 20070207d1987 m a0rusy5003 ca 
101 0 |a rus 
102 |a RU 
105 |a a j 001zy 
200 1 |a Теория упругих волн  |e учебное пособие для вузов   |f Л. А. Рябинкин 
210 |a Москва  |c Недра  |d 1987 
215 |a 182 с.  |c ил.  |d 22 см 
320 |a Библиогр.: с. 181 (21 назв.) 
610 1 |a упругость 
610 1 |a сейсмическая разведка 
610 1 |a учебные пособия 
610 1 |a напряжения 
610 1 |a деформации 
610 1 |a связь 
610 1 |a волны 
610 1 |a источники 
610 1 |a интерференция 
610 1 |a теория 
675 |a 550.834.015.2(075.8)  |z rus 
686 |a 38.57  |2 rugasnti 
700 1 |a Рябинкин  |b Л. А.  |g Лев Александрович  |4 070 
801 0 |a RU  |b RuMRKP  |c 19950417  |g psbo 
801 1 |a RU  |b 63413507  |c 20070207  |g PSBO 
801 2 |a RU  |b 63413507  |c 20190128  |g PSBO 
942 |c BK